[Event "WLS-ch Major 65th"]
[Site "Cardiff"]
[Date "2019.04.22"]
[Round "6"]
[White "Van Veelen, Thomas"]
[Black "Di Vetta, Andrew"]
[Result "1-0"]
[WhiteElo "2056"]
[BlackElo "1730"]
[PlyCount "97"]
[EventDate "2019.04.19"]
[EventType "swiss"]
[EventRounds "7"]
[EventCountry "WLS"]
[SourceTitle "CBM 190 Extra"]
[Source "ChessBase"]
[SourceDate "2019.07.15"]
[SourceVersion "1"]
[SourceVersionDate "2019.07.15"]
[SourceQuality "1"]

1. d4 Nf6 2. c4 e6 3. Nf3 b6 4. g3 Ba6 5. Qc2 Bb4+ 6. Bd2 Qe7 7. Bg2 Bb7 8. 0-0 Na6 9. Nc3 0-0 10. a3 Bxc3 11. Bxc3 d6 12. b4 c5 13. dxc5 dxc5 14. b5 Nc7 15. Ng5 Nce8 16. Bxb7 Qxb7 17. Rfd1 h6 18. Nf3 Qe4 19. Qxe4 Nxe4 20. Rac1 a6 21. Ne5 N8f6 22. bxa6 Rxa6 23. Bb2 Nh7 24. Rd7 Nhf6 25. Rd3 Ra7 26. f3 Ng5 27. h4 Ngh7 28. Rd6 Rb7 29. Rc3 Rc8 30. Rb3 Rcb8 31. Nc6 Ne8 32. Rd2 Ra8 33. Nd8 Rbb8 34. Nc6 Rb7 35. g4 Nf8 36. Nd8 Rd7 37. Rxd7 Nxd7 38. Nc6 Nd6 39. Rd3 Nxc4 40. Bxg7 Kxg7 41. Rxd7 Rxa3 42. Nd8 Re3 43. Kf2 e5 44. Nxf7 Kf6 45. Nd6 Ke6 46. Nxc4 Kxd7 47. Kxe3 b5 48. Nxe5+ Ke6 49. Nd3 1-0

[Event "WLS-ch Major 65th"]
[Site "Cardiff"]
[Date "2019.04.19"]
[Round "2"]
[White "Van Veelen, Thomas"]
[Black "Fraser, Susanna"]
[Result "1-0"]
[WhiteElo "2056"]
[BlackElo "1649"]
[PlyCount "109"]
[EventDate "2019.04.19"]
[EventType "swiss"]
[EventRounds "7"]
[EventCountry "WLS"]
[SourceTitle "CBM 190 Extra"]
[Source "ChessBase"]
[SourceDate "2019.07.15"]
[SourceVersion "1"]
[SourceVersionDate "2019.07.15"]
[SourceQuality "1"]

1. d4 d5 2. c4 e6 3. Nc3 Nf6 4. Nf3 Be7 5. Bg5 0-0 6. e3 Nbd7 7. Qc2 c5 8. Rd1 b6 9. dxc5 Nxc5 10. cxd5 exd5 11. Bxf6 Bxf6 12. Nxd5 Bb7 13. Bc4 Rc8 14. 0-0 Qd6 15. Qe2 Bxd5 16. Bxd5 Qe7 17. Nd4 Bxd4 18. Rxd4 Rcd8 19. Rfd1 h6 20. g3 Nd7 21. Re4 Qg5 22. Qg4 Qf6 23. b4 Qb2 24. Re7 Ne5 25. Qh5 Rde8 26. Rxe8 Rxe8 27. f4 g6 28. Qxh6 Qe2 29. Rf1 Qxe3+ 30. Kh1 Qd3 31. Bg2 Ng4 32. Qg5 Nf2+ 33. Kg1 Ne4 34. Bxe4 Rxe4 35. f5 Qd4+ 36. Kg2 Qb2+ 37. Rf2 Re2 38. Rxe2 Qxe2+ 39. Kh3 Qxa2 40. fxg6 Qe6+ 41. Kg2 Qxg6 42. Qxg6+ fxg6 43. b5 Kf7 44. Kf3 Ke6 45. Ke4 Kd6 46. h4 Kc5 47. g4 Kxb5 48. h5 gxh5 49. gxh5 a5 50. h6 Kb4 51. h7 b5 52. h8Q Ka3 53. Qa1+ Kb4 54. Kd4 a4 55. Qc3# 1-0

[Event "West Wales op"]
[Site "Swansea"]
[Date "2018.10.14"]
[Round "5"]
[White "Van Veelen, Thomas"]
[Black "Van Kemenade, Rudy"]
[Result "0-1"]
[WhiteElo "2094"]
[BlackElo "2023"]
[PlyCount "144"]
[EventDate "2018.10.12"]
[EventType "swiss"]
[EventRounds "5"]
[EventCountry "WLS"]
[SourceTitle "EXT 2020"]
[Source "ChessBase"]
[SourceDate "2019.10.17"]
[SourceVersion "1"]
[SourceVersionDate "2019.10.17"]
[SourceQuality "1"]

1. d4 Nf6 2. c4 e5 3. dxe5 Ng4 4. Nf3 Bc5 5. e3 Nc6 6. Nc3 0-0 7. a3 a5 8. b3 Re8 9. Be2 Ncxe5 10. Nxe5 Nxe5 11. Bb2 Ra6 12. Ne4 Ba7 13. Ng3 Rd6 14. Qc2 c6 15. 0-0 Rh6 16. Nf5 Rg6 17. c5 d5 18. cxd6 Qg5 19. Ng3 Rxd6 20. Qc3 Rh6 21. Rfd1 Qh4 22. Nf1 Rg6 23. Ng3 Bg4 24. Qxa5 Bxe2 25. Bxe5 Bxd1 26. Rxd1 Qg4 27. Rd8 Rge6 28. Rxe8+ Rxe8 29. Qxa7 f6 30. Bd4 Qd1+ 31. Nf1 Qxb3 32. h3 Qb1 33. Qb6 Qxb6 34. Bxb6 Ra8 35. Bc5 Ra5 36. Bb4 Ra4 37. Nd2 b6 38. Bd6 c5 39. Bc7 Rxa3 40. Bxb6 Ra1+ 41. Kh2 Ra2 42. Ne4 c4 43. Kg3 f5 44. Nc3 Rc2 45. Bd4 Kf7 46. Kf3 g5 47. g4 Kg6 48. gxf5+ Kxf5 49. e4+ Kg6 50. e5 Kf5 51. Ne4 h5 52. Nc5 Ra2 53. e6 Ra3+ 54. Be3 Kf6 55. Ke4 c3 56. Nd7+ Kxe6 57. Nc5+ Kf6 58. Kd3 Kf5 59. Kc2 g4 60. h4 Ra1 61. Kxc3 Rh1 62. Bg5 Rh2 63. Nd3 Ke4 64. Kc4 Kf3 65. Kd5 Rh1 66. Kd4 Rd1 67. Bf6 Ke2 68. Ke4 Rxd3 69. Be5 Rd8 70. Kf4 Kxf2 71. Kg5 Rd5 72. Kxh5 g3 0-1

[Event "Enschede op-B U16"]
[Site "Enschede"]
[Date "2009.08.05"]
[Round "5"]
[White "Suurmond, Rik"]
[Black "Van Veelen, Thomas"]
[Result "1/2-1/2"]
[WhiteElo "1834"]
[BlackElo "1751"]
[PlyCount "112"]
[EventDate "2009.08.03"]
[EventType "swiss"]
[EventRounds "9"]
[EventCountry "NED"]
[SourceTitle "CBM 132 Extra"]
[Source "ChessBase"]
[SourceDate "2009.11.03"]
[SourceVersion "1"]
[SourceVersionDate "2009.11.03"]
[SourceQuality "1"]

1. e4 e6 2. d4 d5 3. e5 c5 4. c3 Nc6 5. Nf3 Qb6 6. Be2 Nh6 7. Qb3 Nf5 8. Qxb6 axb6 9. Be3 c4 10. 0-0 Be7 11. Nbd2 0-0 12. h3 Bd7 13. Nh2 b5 14. a3 g5 15. Ng4 Kg7 16. Nf3 h6 17. Bd2 Bd8 18. Bd1 Be8 19. Bc2 Rh8 20. Rfe1 Bd7 21. a4 bxa4 22. Bxa4 Be7 23. Ngh2 Nxe5 24. dxe5 Bxa4 25. g4 Nh4 26. Nxh4 gxh4 27. f4 Bc2 28. Nf3 Be4 29. Nd4 Bc5 30. Be3 Bxd4 31. Bxd4 b5 32. Bf2 Rxa1 33. Rxa1 Rb8 34. Bxh4 b4 35. Bf6+ Kg6 36. cxb4 d4 37. Be7 Rb5 38. Bc5 d3 39. Kf2 Rb7 40. Rc1 Bd5 41. Rd1 Bc6 42. h4 h5 43. g5 Kf5 44. Kg3 Ba4 45. Rd2 Rb8 46. Kf3 Ra8 47. Ke3 Bc6 48. Rf2 Ra2 49. Kd4 Bb5 50. Kc3 Ra1 51. Be3 Re1 52. Kd2 Re2+ 53. Rxe2 dxe2 54. Kxe2 Kg4 55. Kf2 Kxh4 56. Bd2 Kg4 1/2-1/2

[Event "Enschede op-B U16"]
[Site "Enschede"]
[Date "2009.08.05"]
[Round "4"]
[White "Van Veelen, Thomas"]
[Black "Brookes, Christopher"]
[Result "1-0"]
[WhiteElo "1751"]
[BlackElo "2064"]
[PlyCount "53"]
[EventDate "2009.08.03"]
[EventType "swiss"]
[EventRounds "9"]
[EventCountry "NED"]
[SourceTitle "CBM 132 Extra"]
[Source "ChessBase"]
[SourceDate "2009.11.03"]
[SourceVersion "1"]
[SourceVersionDate "2009.11.03"]
[SourceQuality "1"]

1. d4 Nf6 2. c4 g6 3. Nc3 d5 4. cxd5 Nxd5 5. e4 Nxc3 6. bxc3 Bg7 7. Nf3 c5 8. Rb1 0-0 9. Be2 cxd4 10. cxd4 Qa5+ 11. Bd2 Qxa2 12. 0-0 Bg4 13. Rxb7 Rd8 14. Rxe7 Nc6 15. Rc7 Nxd4 16. Bc4 Qb2 17. Bxf7+ Kh8 18. Bd5 Rxd5 19. exd5 Rf8 20. Bc3 Ne2+ 21. Qxe2 Qxe2 22. Rxg7 Qd3 23. Rc7+ Kg8 24. Ne5 Qe2 25. Nxg4 Rd8 26. Nh6+ Kf8 27. Re1 1-0

[Event "Enschede op-B U16"]
[Site "Enschede"]
[Date "2009.08.04"]
[Round "3"]
[White "Sikteoeboen, Collin"]
[Black "Van Veelen, Thomas"]
[Result "0-1"]
[WhiteElo "1450"]
[BlackElo "1751"]
[PlyCount "58"]
[EventDate "2009.08.03"]
[EventType "swiss"]
[EventRounds "9"]
[EventCountry "NED"]
[SourceTitle "CBM 132 Extra"]
[Source "ChessBase"]
[SourceDate "2009.11.03"]
[SourceVersion "1"]
[SourceVersionDate "2009.11.03"]
[SourceQuality "1"]

1. d4 d5 2. f4 Nf6 3. e3 Bg4 4. Nf3 e6 5. Bd3 c5 6. c3 Nc6 7. 0-0 Bd6 8. h3 Bh5 9. g4 Bg6 10. Ne5 c4 11. Bc2 Bxc2 12. Qxc2 Ne4 13. Nd2 Nxd2 14. Bxd2 Bxe5 15. fxe5 h5 16. Rf2 hxg4 17. hxg4 Qh4 18. Rg2 Qh1+ 19. Kf2 Qxa1 20. e4 Rh1 21. exd5 Qf1+ 22. Kg3 exd5 23. Be3 0-0-0 24. Rf2 Qh3+ 25. Kf4 Qh6+ 26. Kf3 Rh3+ 27. Kg2 Qxe3 28. Qf5+ Kb8 29. Qxf7 Rdh8 0-1

[Event "NED-ch U15"]
[Site "Venlo"]
[Date "2008.05.03"]
[Round "9"]
[White "Skandar, Kambiz"]
[Black "Van Veelen, Thomas"]
[Result "1-0"]
[WhiteElo "1917"]
[BlackElo "1664"]
[PlyCount "69"]
[EventDate "2008.04.28"]
[EventType "swiss"]
[EventRounds "9"]
[EventCountry "NED"]
[SourceTitle "CBM 123 Extra"]
[Source "ChessBase"]
[SourceDate "2008.05.06"]
[SourceVersion "1"]
[SourceVersionDate "2008.05.06"]
[SourceQuality "1"]

1. e4 e6 2. d4 d5 3. e5 c5 4. c3 Nc6 5. Nf3 Qb6 6. a3 c4 7. Nbd2 Na5 8. g3 Bd7 9. Bh3 Ne7 10. Nf1 Nb3 11. Rb1 Ng6 12. Ne3 Be7 13. 0-0 0-0 14. Nxd5 exd5 15. Bxd7 Nxc1 16. Qxc1 f6 17. Qe3 Kh8 18. h4 Rad8 19. Bh3 fxe5 20. Nxe5 Nxe5 21. Qxe5 Qd6 22. Rfe1 Rf7 23. Re2 Rdf8 24. Rbe1 Qg6 25. Bg2 Bd6 26. Qxd5 h6 27. Re6 Qc2 28. R1e2 Qb1+ 29. Kh2 Bc7 30. Re8 Qg6 31. Rxf8+ Rxf8 32. Qe6 Qh5 33. Qe7 Rf7 34. Qe8+ Kh7 35. Be4+ 1-0

[Event "NED-ch U15"]
[Site "Venlo"]
[Date "2008.05.02"]
[Round "8"]
[White "Van Veelen, Thomas"]
[Black "Von Meijenfeldt, Bart"]
[Result "0-1"]
[WhiteElo "1664"]
[BlackElo "1740"]
[PlyCount "78"]
[EventDate "2008.04.28"]
[EventType "swiss"]
[EventRounds "9"]
[EventCountry "NED"]
[SourceTitle "CBM 123 Extra"]
[Source "ChessBase"]
[SourceDate "2008.05.06"]
[SourceVersion "1"]
[SourceVersionDate "2008.05.06"]
[SourceQuality "1"]

1. d4 Nf6 2. Nf3 g6 3. c4 Bg7 4. Bg5 0-0 5. Nc3 d6 6. e4 c5 7. Qd2 Bg4 8. Be2 Bxf3 9. Bxf3 cxd4 10. Qxd4 Nc6 11. Qe3 Nd7 12. 0-0 Nde5 13. Be2 Qc7 14. Bh6 Nd4 15. Bxg7 Nxe2+ 16. Qxe2 Kxg7 17. b3 Nc6 18. Kh1 Qa5 19. Qb2 f6 20. Nd5 e6 21. Ne3 Qe5 22. Qxe5 dxe5 23. Nc2 Nd4 24. Nxd4 exd4 25. Rfd1 e5 26. Rac1 f5 27. Kg1 fxe4 28. Re1 e3 29. fxe3 d3 30. Rcd1 e4 31. Rf1 Rad8 32. h3 h5 33. Rxf8 Rxf8 34. Rd2 g5 35. Kh2 Rf1 36. Kg3 Kg6 37. Kh2 Re1 38. Kg3 Rf1 39. Kh2 h4 0-1